| Tag |
First Indicator |
Second Indicator |
Subfields |
| LEADER |
00000cam a22000008a 4500 |
| 001 |
in00000009735 |
| 005 |
20151007051540.0 |
| 008 |
861202s1987 enkab bd 00110 eng |
| 010 |
|
|
|a 86032637
|
| 020 |
|
|
|a 0521264383
|
| 035 |
|
|
|a (OCoLC)15018669
|
| 035 |
|
|
|9 AAA3559AM
|
| 040 |
|
|
|a DLC
|c DLC
|d m/c
|d UtOrBLW
|
| 049 |
|
|
|a TXAF
|c [A12638418]
|
| 050 |
0 |
0 |
|a P29
|b .C64 1987
|
| 082 |
0 |
|
|a 403
|2 19
|
| 100 |
1 |
|
|a Crystal, David,
|d 1941-
|
| 245 |
1 |
4 |
|a The Cambridge encyclopedia of language /
|c David Crystal.
|
| 263 |
|
|
|a 8711
|
| 264 |
|
1 |
|a Cambridge [Cambridgeshire] ;
|a New York :
|b Cambridge University Press,
|c 1987.
|
| 300 |
|
|
|a vii, 472 pages : illustrations, maps.
|
| 336 |
|
|
|a text
|b txt
|2 rdacontent
|
| 337 |
|
|
|a unmediated
|b n
|2 rdamedia
|
| 338 |
|
|
|a volume
|b nc
|2 rdacarrier
|
| 504 |
|
|
|a Bibliography: pages 448-452.
|
| 500 |
|
|
|a Includes indexes.
|
| 650 |
|
0 |
|a Language and languages
|v Dictionaries.
|
| 650 |
|
0 |
|a Linguistics
|v Dictionaries.
|
| 999 |
|
|
|a MARS
|
| 999 |
f |
f |
|s 94511e99-141a-30fd-8c9c-edcb45ad936b
|i 3989ca5e-1cdb-3c8b-93fd-ed777a55d2bf
|t 0
|
| 952 |
f |
f |
|p ric
|a Texas A&M University
|b Rellis Campus
|c Joint Library Facility
|d Remote Storage
|t 0
|e P29 .C64 1987
|h Library of Congress classification
|i unmediated -- volume
|m A14812638418
|
| 998 |
f |
f |
|a P29 .C64 1987
|t 0
|l Remote Storage
|